000 006790am a2200241 004500
003 EG-GiCUC
008 830408s1922 fr a 001 0 fre
020 _a2715201001 :
_c120F
040 _aDLC
_cDLC
_dDLC
050 0 0 _aPQ2637.E33
_bS8 1922
092 0 4 _a841.912
_bS4544
_221
099 _a04
_a841.912 S4544
100 1 _aSegalen, Victor,
_d1878-1919.
245 1 0 _aSteles /
_cVictor Segalen ; Avic un portrait de lateur
260 _aParis :
_bG.Cres & Cie,
_c1922.
300 _a147 p. :
_bill. ;
_c18 cm.
600 1 0 _aSegalen, Victor,
_d1878-1919.
650 0 _aFrench literature
902 _a1
905 _aEman
_eRev
905 _aJamal
_eCat
942 _2ddc
_cBK
999 _c105468
_d105468